000 01503nam a2200289 4500
001 0000023791
003 CO-CtgCURN
005 20250528143001.0
007 ta
008 160627s2000 000 0 eng d
040 _aCO-CtgCURN
_bspa
_ccoctgcurn
082 0 _a617.7
_bO61
245 0 0 _aOphthalmic Instrument Catalog.
250 _a27a ed.
260 _aMisuri :
_bBausch , Lomb Surgical,
_c2000.
300 _aPag. var.
336 _2rdacontent
337 _2rdamedia
_asin mediacion
_bn
338 _2rdacarrier
_avolumen
_bnc
490 1 _aStorz instruments
500 _aIncluye indice general, indice alfabetico por capitulos, indice numerico.
505 8 _aBlade holders -- Calipers, gauges, rulers -- Cannulas -- Corneal markers, scleral depressors, markers -- Curettes -- Diamond knives -- Forceps -- Handpieces -- Hooks -- Knives, cystotomes, dissectors -- Lens vectus, spoons, dividers -- Manipulators, rotators, spatulas, picks -- Needle holders -- Probes, dilators -- Retractors -- Rings -- Rust ring removers, spuds -- Scissors -- Scrapers, polishers -- Snares, spoons -- Specula -- Tonometers -- Trephines, punches -- Miscellaneous -- Disposables -- Implants -- Equipment -- Elevators -- Instrument sets by procedure \ Custom instrument design \ Instrument repair \ Indexes
650 1 4 _aOftalmologĂ­a
_vEquipo y accesorios
_xCatalogos.
908 _a160627
942 _cBK
_h617.7
_iO61
_2ddc
_n0
999 _c23499
_d23499